[Event "Malopolska Region-chB"]
[Site "Krakow"]
[Date "2019.06.21"]
[Round "4"]
[White "Kosztyla, Andrzej"]
[Black "Jozefczyk, Szymon"]
[Result "0-1"]
[WhiteElo "1395"]
[BlackElo "1714"]
[PlyCount "74"]
[EventDate "2019.06.20"]
[EventType "swiss"]
[EventRounds "7"]
[EventCountry "POL"]
[SourceTitle "EXT 2020"]
[Source "ChessBase"]
[SourceDate "2019.10.17"]
[SourceVersion "1"]
[SourceVersionDate "2019.10.17"]
[SourceQuality "1"]

1. e4 c5 2. Nc3 d6 3. g3 g6 4. Bg2 Bg7 5. Nge2 e5 6. 0-0 Ne7 7. d3 0-0 8. Be3 a6 9. a4 b6 10. Qd2 Bb7 11. Bh6 Nd7 12. Bxg7 Kxg7 13. b3 Nc6 14. Nd5 Nf6 15. Nxf6 Qxf6 16. Nc3 Nd4 17. f4 Qd8 18. f5 f6 19. Ne2 d5 20. Nxd4 cxd4 21. Rac1 dxe4 22. Bxe4 Bxe4 23. dxe4 Rc8 24. fxg6 hxg6 25. Rf3 Qc7 26. Qe2 a5 27. Qb5 Qc5 28. Qd3 Rc6 29. Kf1 Rfc8 30. Kg2 Qc3 31. Qe2 Qb2 32. Qf1 Rxc2+ 33. Rxc2 Qxc2+ 34. Kg1 Qxe4 35. Rxf6 Qe3+ 36. Kg2 Rc2+ 37. Kh3 Qh6+ 0-1

[Event "Krakow-ch 3rd"]
[Site "Krakow"]
[Date "2012.08.08"]
[Round "1.3"]
[White "Kosztyla, Andrzej"]
[Black "Zapolskis, Antanas J"]
[Result "0-1"]
[WhiteElo "1656"]
[BlackElo "2327"]
[PlyCount "55"]
[EventDate "2012.08.08"]
[EventType "swiss"]
[EventRounds "9"]
[EventCountry "POL"]
[SourceTitle "EXT 2023"]
[Source "ChessBase"]
[SourceDate "2022.10.05"]
[SourceVersion "1"]
[SourceVersionDate "2022.10.05"]
[SourceQuality "1"]

1. e4 c5 2. Nc3 Nc6 3. g3 g6 4. Bg2 Bg7 5. Nge2 e6 6. d3 Nge7 7. Be3 Nd4 8. Rb1 0-0 9. 0-0 d5 10. exd5 exd5 11. Qd2 Bg4 12. f3 Be6 13. a3 Nef5 14. Bf2 Nxe2+ 15. Nxe2 d4 16. f4 Bd5 17. Rfe1 Bxg2 18. Kxg2 Qd5+ 19. Kg1 Rfe8 20. Nc1 b6 21. Nb3 Qf3 22. Rxe8+ Rxe8 23. Re1 Ne3 24. Bxe3 dxe3 25. Qc1 Qf2+ 26. Kh1 Bxb2 27. Qd1 e2 28. Qb1 0-1

[Event "Krakow-B"]
[Site "Krakow"]
[Date "2010.07.01"]
[Round "9"]
[White "Puklo, Tomasz"]
[Black "Kosztyla, Andrzej"]
[Result "0-1"]
[WhiteElo "1400"]
[BlackElo "1800"]
[PlyCount "111"]
[EventDate "2010.06.25"]
[EventType "tourn"]
[EventRounds "9"]
[EventCountry "POL"]
[SourceTitle "EXT 2023"]
[Source "ChessBase"]
[SourceDate "2022.10.05"]
[SourceVersion "1"]
[SourceVersionDate "2022.10.05"]
[SourceQuality "1"]

1. e4 e5 2. Nf3 Nf6 3. Nc3 d6 4. Bc4 h6 5. d3 Nc6 6. h3 Na5 7. Bb5+ Bd7 8. Bd2 Bxb5 9. Nxb5 Nc6 10. a3 a6 11. Nc3 Be7 12. 0-0 0-0 13. Qc1 Kh7 14. Re1 Nd4 15. Nxd4 exd4 16. Ne2 c5 17. Ng3 Re8 18. Nf5 Bf8 19. Bf4 Ng8 20. Qd1 g6 21. Ng3 Be7 22. c3 dxc3 23. bxc3 b5 24. Qg4 Bg5 25. Bxg5 Qxg5 26. Qxg5 hxg5 27. Re3 Re6 28. Rae1 Rae8 29. Nf1 Nf6 30. Rg3 Kh6 31. Nd2 d5 32. f3 Nh5 33. Rg4 f5 34. Kf2 fxg4 35. hxg4 Nf6 36. Rh1+ Kg7 37. Nb3 c4 38. dxc4 dxc4 39. Nd4 Rb6 40. Re1 Nd7 41. g3 Ne5 42. Rd1 Nd3+ 43. Ke3 Rh8 44. Ne2 Rbb8 45. Nd4 Rh2 46. Ra1 Rbh8 47. Ne6+ Kf6 48. Nc7 Rc2 49. Nd5+ Kg7 50. Kd4 Rg2 51. a4 Rxg3 52. axb5 axb5 53. Ra7+ Kh6 54. Rf7 Ne1 55. Ke3 Rg2 56. e5 0-1

[Event "Krakow KKSz-ch"]
[Site "Krakow"]
[Date "2008.08.17"]
[Round "7.6"]
[White "Zajda, Tadeusz"]
[Black "Kosztyla, Andrzej"]
[Result "0-1"]
[WhiteElo "1737"]
[BlackElo "1716"]
[PlyCount "128"]
[EventDate "2008.08.14"]
[EventType "swiss"]
[EventRounds "9"]
[EventCountry "POL"]
[SourceTitle "EXT 2023"]
[Source "ChessBase"]
[SourceDate "2022.10.05"]
[SourceVersion "1"]
[SourceVersionDate "2022.10.05"]
[SourceQuality "1"]

1. e4 e5 2. Nf3 Nf6 3. Nxe5 d6 4. Nf3 Nxe4 5. d4 d5 6. Bd3 Nf6 7. h3 Be7 8. c3 0-0 9. Qc2 h6 10. Be3 b6 11. Nbd2 a5 12. a4 Re8 13. 0-0-0 Ba6 14. g4 Bxd3 15. Qxd3 Qd7 16. b3 Ne4 17. Kc2 Nxd2 18. Rxd2 Qd6 19. Ra1 Nd7 20. Rdd1 Qf6 21. Bd2 Bd6 22. g5 hxg5 23. Nxg5 Nf8 24. Nf3 Qg6 25. Rg1 Qxd3+ 26. Kxd3 Ng6 27. Rg4 Re6 28. Be3 Rf6 29. Nd2 Nf4+ 30. Bxf4 Bxf4 31. Rag1 g6 32. Nf1 Re8 33. Ne3 c6 34. h4 Kf8 35. R1g2 Bh6 36. R4g3 Bxe3 37. Rxe3 Ree6 38. Rh2 Rxe3+ 39. Kxe3 Rf5 40. f4 Kg7 41. Kf3 f6 42. Kg4 Rh5 43. Re2 Kf7 44. Re3 Rh8 45. Re2 Rb8 46. c4 Rd8 47. Rd2 Re8 48. Kf3 Re1 49. Rd3 dxc4 50. bxc4 Rc1 51. Rb3 Rxc4 52. Rxb6 Rxd4 53. Rxc6 f5 54. Rc7+ Kg8 55. Ra7 Rxa4 56. Ke3 Re4+ 57. Kf3 a4 58. Kg3 Re3+ 59. Kf2 Ra3 60. Ke2 Ra2+ 61. Kd3 Ra3+ 62. Kc4 Rf3 63. Kb5 Rxf4 64. Rxa4 Rxa4 0-1